Catálogo
 En Linea

En busqueda del tiempo en el exilio : (Registro nro. 45731)

Detalles MARC
000 -CABECERA
campo de control de longitud fija 00565nam a2200193 a 4500
001 - NÚMERO DE CONTROL
campo de control 000046242
003 - IDENTIFICADOR DEL NÚMERO DE CONTROL
campo de control OSt
005 - FECHA Y HORA DE LA ÚLTIMA TRANSACCIÓN
campo de control 20240302073951.0
008 - DATOS DE LONGITUD FIJA--INFORMACIÓN GENERAL
campo de control de longitud fija 150709s1995 dr 000 0 spa d
040 ## - FUENTE DE LA CATALOGACIÓN
Centro catalogador/agencia de origen DO-SdBNP
Lengua de catalogación spa
Centro/agencia transcriptor BNPHU
082 ## - NÚMERO DE LA CLASIFICACIÓN DECIMAL DEWEY
Número de clasificación xxxx
Número de documento/Ítem xxxx
100 1# - ENTRADA PRINCIPAL--NOMBRE DE PERSONA
Nombre de persona Cassá, Roberto,
Fechas asociadas al nombre 1948-
9 (RLIN) 10888
245 10 - MENCIÓN DE TÍTULO
Título En busqueda del tiempo en el exilio :
Resto del título semblanza del Dr. Leovigildo cuello /
Mención de responsabilidad, etc. Roberto Cassá.
260 ## - PUBLICACIÓN, DISTRIBUCIÓN, ETC.
Lugar de publicación, distribución, etc. Santo Domingo :
Nombre del editor, distribuidor, etc. Taller,
Fecha de publicación, distribución, etc. 1995.
300 ## - DESCRIPCIÓN FÍSICA
Extensión 32 p. :
Dimensiones 21 cm.
590 ## - NOTA LOCAL (RLIN)
Nota local Inventariado, 2020/ YL
910 ## - DATOS DE OPCIÓN DEL USUARIO (OCLC)
Datos de opción del usuario YLockward
942 ## - ELEMENTOS DE PUNTO DE ACCESO ADICIONAL (KOHA)
Fuente del sistema de clasificación o colocación Dewey Decimal Classification
Tipo de ítem Koha Folleto
Existencias
Estado de retiro Estado de pérdida Fuente del sistema de clasificación o colocación Restricciones de uso No para préstamo Código de colección Localización permanente Ubicación/localización actual Ubicación en estantería Fecha de adquisición Fuente de adquisición Número de inventario Total de préstamos Signatura topográfica completa Código de barras Fecha visto por última vez Precio válido a partir de Tipo de ítem Koha Nota pública Número de copia
    Dewey Decimal Classification Excluido de préstamo Excluido de préstamo Patrimonio Dominicano Patrimonio Dominicano Patrimonio Dominicano En catalogación 09.07.2014 Chiqui Vicioso LF1   xxxx xxxx 46242-10 25.06.2020 25.06.2020 Libro y Folleto Colección Patrimonio Dominicano Perteneció a la biblioteca personal de Chiqui Vicioso / Fidelio Despradel.  
    Dewey Decimal Classification Excluido de préstamo Préstamo restrigido Patrimonio Dominicano Patrimonio Dominicano Patrimonio Dominicano En catalogación 09.07.2013 Flia. Reyes Duluc LF1   xxxx xxxx 2020-0552 23.11.2020 25.06.2020 Libro y Folleto Colección Patrimonio Dominicano   e. 2

Con tecnología Koha